Statistics for Islands of the British Isles by Area

Click here to take the quiz!

General Stats

  • This quiz has been taken 93 times
  • The average score is 10 of 20

Answer Stats

Area (km2)Island% Correct
572Isle of Man
94%
216,777Great Britain
88%
84,406Ireland
86%
381Isle of Wight
85%
969Shetland Mainland
72%
523Orkney Mainland
69%
1,656Skye
65%
675Anglesey
60%
875Mull
53%
432Arran
48%
2,179Lewis and Harris
41%
620Islay
37%
303North Uist
31%
320South Uist
31%
122Bute
30%
143Hoy
23%
367Jura
23%
212Yell
23%
121Unst
22%
147Achill Island
7%

Score Distribution

Percentile by Number Answered

Percent of People with Each Score

Your Score History

You have not taken this quiz